| 000 | 01159nam a2200277 a 4500 | ||
|---|---|---|---|
| 001 | ebr10439349 | ||
| 003 | CaPaEBR | ||
| 006 | m u | ||
| 007 | cr cn||||||||| | ||
| 008 | 110125s2010 enka s 001 0 eng d | ||
| 020 | _z9781849511445 | ||
| 020 | _z9781849511452 (e-book) | ||
| 040 |
_aCaPaEBR _cCaPaEBR |
||
| 035 | _a(OCoLC)704518315 | ||
| 050 | 1 | 4 |
_aHF5548.323.M34 _bF47 2010eb |
| 100 | 1 | _aFerdous, Nurul. | |
| 245 | 1 | 0 |
_aMagento 1.4 development cookbook _h[electronic resource] : _bextend your Magento store to the optimum level by developing modules and widgets / _cNurul Ferdous. |
| 260 |
_aBirmingham, U.K. : _bPackt Open Source, _c2010. |
||
| 300 |
_aiii, 254 p. : _bcol. ill. |
||
| 500 | _aIncludes index. | ||
| 533 |
_aElectronic reproduction. _bPalo Alto, Calif. : _cebrary, _d2011. _nAvailable via World Wide Web. _nAccess may be limited to ebrary affiliated libraries. |
||
| 650 | 0 |
_aElectronic commerce _xComputer programs. |
|
| 655 | 7 |
_aElectronic books. _2local |
|
| 710 | 2 | _aebrary, Inc. | |
| 856 | 4 | 0 |
_uhttp://site.ebrary.com/lib/rucke/Doc?id=10439349 _zAn electronic book accessible through the World Wide Web; click to view |
| 999 |
_c245154 _d245154 |
||